000 00453nam a2200157Ia 4500
008 210210b1976 xxu||||| |||| 00| 0 eng d
082 _a954.8 SASH
100 _aSASTRI (K A Nilankanta).
245 _aHistory of south India from prehistoric times to the fall of vijayanagar. Ed 4.
250 _a
260 _aMadras.
_bOxford University Press.,
_c1976
300 _axii,521
650 _aSouth India
690 _aIndian History
906 _a044286
999 _c93926
_d93926